Instructivo de practicas de laboratorio de fisica III / Ignacio Rosalio Galan Molina (Registro nro. 17991)
[ vista simple ]
| 000 -LÍDER | |
|---|---|
| fixed length control field | 00518nam a2200133 4500 |
| 008 - ELEMENTOS DE LONGITUD FIJA -- INFORMACIÓN GENERAL | |
| fixed length control field | 0 1988 0a 000 0MEX |
| 050 ## - SIGNATURA TOPOGRAFICA DE LA BIBLIOTECA DEL CONGRESO (LC) | |
| Número de Clasificación | T56.42 G524 1988 |
| 082 ## - NUMERO DE CLASIFICACION DECIMAL DEWEY | |
| Número de Clasificación | 530.28 G524i |
| 100 ## - ASIENTO PRINCIPAL--NOMBRE PERSONAL | |
| Nombre personal | Galan Molina, Ignacio Rosalio |
| 245 ## - TÍTULO | |
| Título | Instructivo de practicas de laboratorio de fisica III / Ignacio Rosalio Galan Molina |
| 300 ## - DESCRIPCIÓN FÍSICA | |
| Extensión | 107 p. / 22 cm. |
| 502 ## - NOTA DE TESIS | |
| Nota de tesis | (Ing. Industrial) - Instituto Tecnologico de Zacatepec - Ing. Francisco Javier Ambriz Ramos |
| 650 ## - ASIENTO SECUNDARIO DE MATERIA - TERMINO TEMÁTICO | |
| Término temático o nombre geográfico como elemento de entrada | 1.CARGAS ELECTRICAS \ 2.CAMPOMAGNETICO |
| No. biblioteca | No. biblioteca | Número de clasificación | Código de barras/Número de adquisición | Número de copia | Tipo de material |
|---|---|---|---|---|---|
| TESIS INDUSTRIAL | TESIS INDUSTRIAL | 530.28 G524i | I31-1988 | 1 | Tesis |
